Clearing the air (Record no. 575028)

MARC details
000 -LEADER
fixed length control field 00901nam a2200265Ia 4500
003 - CONTROL NUMBER IDENTIFIER
control field OSt
005 - DATE AND TIME OF LATEST TRANSACTION
control field 20220925221653.0
008 - FIXED-LENGTH DATA ELEMENTS--GENERAL INFORMATION
fixed length control field 220923b |||||||| |||| 00| 0 eng d
020 ## - INTERNATIONAL STANDARD BOOK NUMBER
International Standard Book Number 13:9780262083584
037 ## - SOURCE OF ACQUISITION
Terms of availability General Book
040 ## - CATALOGING SOURCE
Original cataloging agency RTL
Transcribing agency RTL
Language of cataloging eng
041 ## - LANGUAGE CODE
Source of code eng
Language code of text/sound track or separate title eng
100 ## - MAIN ENTRY--PERSONAL NAME
Personal name HO Mun S
9 (RLIN) 286884
245 #0 - TITLE STATEMENT
Title Clearing the air
Remainder of title The health and economic damages of air pollution in China
260 ## - PUBLICATION, DISTRIBUTION, ETC.
Place of publication, distribution, etc. London
Name of publisher, distributor, etc. MIT Press
Date of publication, distribution, etc. 2007
300 ## - PHYSICAL DESCRIPTION
Extent xviii, 387p
Dimensions cm.
500 ## - GENERAL NOTE
General note Bibliography chapterwise; With CD
650 ## - SUBJECT ADDED ENTRY--TOPICAL TERM
Topical term or geographic name entry element Geography
700 ## - ADDED ENTRY--PERSONAL NAME
Personal name NIELSEN Chris P
9 (RLIN) 286885
942 ## - ADDED ENTRY ELEMENTS (KOHA)
Classification part U:(G:55).41.P, P7
Koha item type General Books
Source of classification or shelving scheme Colon Classification (CC)
Holdings
Withdrawn status Lost status Damaged status Not for loan Home library Current library Date acquired Source of acquisition Cost, normal purchase price Total Checkouts Full call number Barcode Date last seen Cost, replacement price Price effective from Koha item type
        Ratan Tata Library Ratan Tata Library 2022-09-25 25199, 24/03/2008, Segment Book Distrobutors 1722.53   U:(G:55).41.P P7 RT1326532 2022-09-25 1722.53 2022-09-25 General Books
Copyright @ Delhi University Library System